000 01142aam a2200445 4500
005 20251121182155.0
008 150630b2004 xxu||||| |||| 00| 0 spa d
020 _a0134762924
041 _aESP
082 _a519.5 L665e7
100 _aLevin, Richard I.
100 _aRubin, David S.
_926914
245 _aEstadística para administración y economía
250 _a7 edición
260 _aMéxico
260 _bPearson Educación
260 _c2004
300 _a826 páginas
490 _aDirección y Administración de Empresas
490 _aGestión de Calidad
505 _aCONTIENE DISCO COMPACTO No. 274
650 _aESTADÍSTICA
650 _aPRESENTACIÓN DE DATOS
650 _aTABLAS
650 _aGRÁFICOS
650 _aMEDIDAS DE TENDENCIA CENTRAL
650 _aPROBABILIDAD
650 _aMUESTREO
650 _aESTIMACIÓN
650 _aHIPÓTESIS
650 _aCONTROL DE CALIDAD
650 _aCORRELACIÓN
650 _aEXCEL
650 _aTEORIA DE LAS DECISIONES
650 _aVARIANZA
650 _aCHI-CUADRADA
942 _cBK
_2ddc
999 _c1520
_d1520